00461nam a2200157Ia 4500003000400000008004100004040001600045082002200061100002000083245008900103260005100192300001000243650001000253650001800263650002200281GCL140319s9999 xx 000 0 eng d aGCL / cGCL04a305.42095694bM W1 aMOORS, ANNEBIES10aWOMEN, PROPERITY AND ISLAM: PALESTINIAN EXPERIENCES, 1920 - 1990 / cMOORS, ANNEBIES a[S.N] : bCAMBRIBGE UNIVERSITY PRESS ، c1995 a274 P04aWOMEN04aISLAM - WOMEN04aPALESTINE - WOMEN